[Event "C.to Regionale Sardegna"]
[Site "Cagliari ITA"]
[Date "2001.04.??"]
[Round "6"]
[White "Basciu, Simone"]
[Black "Cirina, Gianluca"]
[Result "1/2-1/2"]
[WhiteElo "2157"]
[BlackElo "1690"]
[PlyCount "50"]
[EventDate "2001.04.28"]

1. d4 Nf6 2. Nf3 c5 3. d5 b5 4. Bg5 d6 5. c4 Ne4 6. cxb5 Nxg5 7. Nxg5 g6 8. e4
Bg7 9. Nc3 Qa5 10. Qc2 a6 11. bxa6 Bxa6 12. Bxa6 Nxa6 13. O-O O-O 14. Qd2 Rfb8
15. Rfc1 Rb7 16. b3 Nc7 17. Qf4 Rf8 18. Qe3 Nb5 19. Nxb5 Bxa1 20. Nxd6 exd6 21.
Rxa1 h6 22. Nf3 Kh7 23. Nd2 Ra8 24. Nc4 Qd8 25. f4 f6 1/2-1/2

[Event "C.to Regionale Sardegna"]
[Site "Cagliari ITA"]
[Date "2001.04.??"]
[Round "6"]
[White "Buchicchio, Giampaolo"]
[Black "Artizzu, Giulio"]
[Result "1/2-1/2"]
[WhiteElo "2191"]
[BlackElo "2098"]
[PlyCount "42"]
[EventDate "2001.04.28"]

1. e4 c6 2. Nc3 d5 3. Qf3 Nf6 4. e5 Nfd7 5. d4 e6 6. Qg3 c5 7. Nf3 cxd4 8. Nb5
Nc6 9. Nbxd4 Ndxe5 10. Nxe5 Nxd4 11. Qf4 f6 12. Qxd4 fxe5 13. Qxe5 Qf6 14. Bf4
Be7 15. Bb5+ Kf7 16. O-O Rd8 17. Qh5+ Kg8 18. Be5 Qf7 19. Qh3 Bd7 20. Bd3 g6
21. Rae1 Bf6 1/2-1/2

[Event "C.to Regionale Sardegna"]
[Site "Cagliari ITA"]
[Date "2001.04.??"]
[Round "6"]
[White "Caddeo, Narciso"]
[Black "Monni, Vittorio"]
[Result "0-1"]
[WhiteElo "1546"]
[BlackElo "1729"]
[PlyCount "69"]
[EventDate "2001.04.28"]

1. e4 c5 2. Nf3 d6 3. c3 Nc6 4. d4 cxd4 5. cxd4 Bg4 6. Be3 g6 7. d5 Ne5 8. Nbd2
Nf6 9. Be2 Nxf3+ 10. gxf3 Bd7 11. Rc1 Rc8 12. Nc4 b5 13. e5 Nh5 14. Na3 a6 15.
f4 Ng7 16. Bd4 Nf5 17. Rxc8 Bxc8 18. e6 Rg8 19. Nxb5 fxe6 20. dxe6 Bxe6 21. Nc3
Qa5 22. a3 Nxd4 23. Qxd4 Bg7 24. Qe3 Kf7 25. O-O d5 26. f5 gxf5 27. Bh5+ Kf6
28. b4 Bh6+ 29. Kh1 Bxe3 30. bxa5 Bd2 31. Ne2 Bxa5 32. f4 Bb6 33. Rb1 Bc5 34.
a4 d4 35. Rc1 0-1

[Event "C.to Regionale Sardegna"]
[Site "Cagliari ITA"]
[Date "2001.04.??"]
[Round "6"]
[White "Clementini, Lorenzo"]
[Black "Ibba, Isacco"]
[Result "1-0"]
[WhiteElo "1820"]
[BlackElo "1864"]
[PlyCount "95"]
[EventDate "2001.04.28"]

1. e4 Nf6 2. e5 Nd5 3. c4 Nb6 4. c5 Nd5 5. Bc4 e6 6. Nc3 Nxc3 7. dxc3 Bxc5 8.
Qg4 Kf8 9. Nh3 Nc6 10. Bf4 d5 11. Rd1 f5 12. Qe2 h6 13. O-O Qh4 14. Bxd5 exd5
15. Rxd5 Qe7 16. b4 Bb6 17. Be3 Be6 18. Nf4 Bxd5 19. Ng6+ Kf7 20. Nxe7 Nxe7 21.
c4 Bxe3 22. cxd5 Bb6 23. Qc4 Kf8 24. a4 c6 25. d6 Nd5 26. a5 Bd8 27. b5 Bxa5
28. bxc6 bxc6 29. Qxc6 Nb6 30. Ra1 Kg8 31. d7 Kh7 32. Rxa5 Rac8 33. dxc8=Q Rxc8
34. Qxc8 Nxc8 35. f4 g5 36. g3 Kg6 37. Kf2 g4 38. Ra6+ Kh5 39. Ke3 Ne7 40. Rxa7
Nd5+ 41. Kd4 Nb4 42. Rc7 Nc6+ 43. Kd5 Nb4+ 44. Kd6 Nd3 45. e6 Nf2 46. e7 Ne4+
47. Kd7 Nf6+ 48. Kd8 1-0

[Event "C.to Regionale Sardegna"]
[Site "Cagliari ITA"]
[Date "2001.04.??"]
[Round "6"]
[White "Pili, Erika"]
[Black "Scarteddu, Marco"]
[Result "1-0"]
[WhiteElo "1606"]
[BlackElo "1615"]
[PlyCount "61"]
[EventDate "2001.04.28"]

1. e4 e6 2. d4 d5 3. exd5 exd5 4. Nf3 Nf6 5. Bd3 Bd6 6. h3 O-O 7. O-O Re8 8. c3
Nbd7 9. Qc2 Nf8 10. Bg5 g6 11. Nbd2 Ne6 12. Bh4 Nf4 13. Rae1 Rxe1 14. Rxe1 Bd7
15. Bf1 c6 16. g4 Kg7 17. Ne5 h6 18. Ndf3 Qc7 19. Qd2 Ne6 20. Bxf6+ Kxf6 21.
Qxh6 Bf8 22. g5+ Ke7 23. Qh7 Bg7 24. Nxg6+ Kd6 25. Nfe5 fxg6 26. Nf7+ Ke7 27.
Qxg7 Rf8 28. Qf6+ Ke8 29. Rxe6+ Bxe6 30. Qxe6+ Qe7 31. Nd6+ 1-0

[Event "C.to Regionale Sardegna"]
[Site "Cagliari ITA"]
[Date "2001.04.??"]
[Round "7"]
[White "Artizzu, Giulio"]
[Black "Cirina, Gianluca"]
[Result "1-0"]
[WhiteElo "2098"]
[BlackElo "1690"]
[PlyCount "146"]
[EventDate "2001.04.28"]

1. e4 c5 2. Nf3 Nc6 3. d4 cxd4 4. Nxd4 Nf6 5. Nc3 e5 6. Ndb5 d6 7. Nd5 Nxd5 8.
exd5 Ne7 9. c3 Ng6 10. Qa4 Bd7 11. Qb4 Bf5 12. a4 Be7 13. Be3 a5 14. Qb3 O-O
15. Be2 Bd7 16. O-O Nh4 17. f4 Nf5 18. Bd2 f6 19. Na3 Qc7 20. Bb5 Kh8 21. Rae1
Rab8 22. Bxd7 Qxd7 23. Qb5 Qc7 24. Re4 Nh6 25. f5 Qc5+ 26. Qxc5 dxc5 27. Bxh6
gxh6 28. Rd1 Rfd8 29. Nb5 Bd6 30. Kf2 Rd7 31. Ke3 Rg8 32. g4 h5 33. h3 b6 34.
Kd3 hxg4 35. hxg4 Kg7 36. Rh1 Kf8 37. Rh6 Kg7 38. Rh5 Kh8 39. Kc4 Be7 40. Rh1
Rgd8 41. Rd1 Kg7 42. Na3 Kh6 43. Nc2 Rd6 44. Ne3 Kg7 45. Kb5 R8d7 46. Rh1 Bd8
47. Rh5 Kg8 48. Kc4 Rb7 49. Rh1 Rbd7 50. Rd1 Kg7 51. Nc2 Be7 52. Na3 Rd8 53.
Nb5 R6d7 54. Re2 Kg8 55. d6 Bf8 56. Red2 Kf7 57. Kd5 Rc8 58. Rh1 h6 59. b3 Bg7
60. Rh3 Bf8 61. Rhh2 Bg7 62. Na3 Bf8 63. Nc4 Rb7 64. Rd3 Rd7 65. Ke4 Rb8 66.
Kd5 Rc8 67. Rdh3 Rcc7 68. Rxh6 Bxh6 69. Rxh6 Rb7 70. g5 fxg5 71. Nxe5+ Kg7 72.
Rg6+ Kh7 73. Nxd7 Rxd7 1-0

[Event "C.to Regionale Sardegna"]
[Site "Cagliari ITA"]
[Date "2001.04.??"]
[Round "7"]
[White "Clementini, Lorenzo"]
[Black "Abis, Roberto"]
[Result "1-0"]
[WhiteElo "1820"]
[BlackElo "1581"]
[PlyCount "103"]
[EventDate "2001.04.28"]

1. d4 Nf6 2. c4 e6 3. Nc3 c5 4. d5 exd5 5. cxd5 d6 6. e4 g6 7. f4 Bg7 8. Nf3
O-O 9. Be2 Bg4 10. O-O Nbd7 11. h3 Bxf3 12. Bxf3 Qa5 13. a4 a6 14. Re1 Rfe8 15.
Bd2 c4 16. b4 Qxb4 17. Nb5 c3 18. Bxc3 Qc4 19. Rc1 axb5 20. Bxf6 Qxa4 21. Bxg7
Qxd1 22. Rexd1 Kxg7 23. Rc7 Rad8 24. Rb1 Nc5 25. e5 Nd3 26. e6 Kf8 27. Rxf7+
Kg8 28. Rxb5 Rf8 29. Rbxb7 Rxf7 30. Rxf7 Rf8 31. Rxf8+ Kxf8 32. g3 Ke7 33. Kf1
Nb4 34. Ke2 Na6 35. Ke3 Nc7 36. g4 Ne8 37. h4 Ng7 38. Ke4 Kf6 39. g5+ Ke7 40.
Bg4 Kf8 41. f5 gxf5+ 42. Bxf5 Kg8 43. Bg4 Ne8 44. Kf5 Nc7 45. Bf3 Kg7 46. h5
Ne8 47. h6+ Kg8 48. Bh5 Nc7 49. e7 Kh8 50. e8=Q+ Nxe8 51. Bxe8 Kg8 52. Bh5 1-0

[Event "C.to Regionale Sardegna"]
[Site "Cagliari ITA"]
[Date "2001.04.??"]
[Round "7"]
[White "Monni, Vittorio"]
[Black "Basciu, Simone"]
[Result "0-1"]
[WhiteElo "1729"]
[BlackElo "2157"]
[PlyCount "67"]
[EventDate "2001.04.28"]

1. e4 c5 2. Nf3 Nc6 3. Be2 g6 4. O-O Bg7 5. c3 d5 6. exd5 Qxd5 7. d3 Nf6 8. Be3
Ng4 9. Bf4 O-O 10. h3 e5 11. Bg3 Nf6 12. Nbd2 Nh5 13. Ng5 Nf4 14. Bxf4 exf4 15.
Nge4 Ne5 16. Qc2 Bf5 17. Nf3 c4 18. Nxe5 Bxe5 19. f3 cxd3 20. Bxd3 Bd7 21. Qe2
Kg7 22. Bc4 Qa5 23. Rfd1 Bc6 24. b4 Qb6+ 25. Nc5 Bxc3 26. Kh1 Bxa1 27. Rxa1
Qxb4 28. Qe5+ Kg8 29. Ne6 fxe6 30. Qxe6+ Kg7 31. Qe5+ Kh6 32. Be6 Rae8 33. Re1
Qe7 34. g4 0-1

[Event "C.to Regionale Sardegna"]
[Site "Cagliari ITA"]
[Date "2001.04.??"]
[Round "7"]
[White "Pili, Erika"]
[Black "Buchicchio, Giampaolo"]
[Result "0-1"]
[WhiteElo "1606"]
[BlackElo "2191"]
[PlyCount "62"]
[EventDate "2001.04.28"]

1. e4 c5 2. Nf3 Nc6 3. d4 cxd4 4. Nxd4 Nf6 5. Nc3 e5 6. Ndb5 d6 7. Nd5 Nxd5 8.
exd5 Nb8 9. a4 Be7 10. Bd3 O-O 11. O-O a6 12. Na3 f5 13. c4 Nd7 14. b4 e4 15.
Bc2 Bf6 16. Rb1 Be5 17. Kh1 Kh8 18. Qh5 Nf6 19. Qh4 Bd7 20. f3 Qe8 21. a5 Ba4
22. Bb2 Bxb2 23. Rxb2 Qe5 24. Ra2 Bxc2 25. Rxc2 e3 26. Re1 f4 27. Nb1 Rac8 28.
g3 Nxd5 29. gxf4 Nxf4 30. Rc3 e2 31. Rcc1 Nd3 0-1

[Event "C.to Regionale Sardegna"]
[Site "Cagliari ITA"]
[Date "2001.04.??"]
[Round "7"]
[White "Scarteddu, Marco"]
[Black "Sanfilippo, Carlo"]
[Result "1-0"]
[WhiteElo "1615"]
[BlackElo "1533"]
[PlyCount "53"]
[EventDate "2001.04.28"]

1. d4 Nf6 2. Nf3 b5 3. g3 Bb7 4. Bg2 e6 5. Nbd2 c5 6. O-O Qb6 7. c3 Nc6 8. dxc5
Bxc5 9. h3 d5 10. Nb3 Bd6 11. Be3 Qc7 12. Nbd4 a6 13. Nxc6 Bxc6 14. Nd4 Bb7 15.
g4 Kd7 16. a4 e5 17. Nf5 Ne4 18. Bxe4 dxe4 19. axb5 Rhd8 20. Qb3 Kc8 21. b6 Qc6
22. Qxf7 Bc5 23. Qb3 Bf8 24. Rfd1 g6 25. Rxd8+ Kxd8 26. Rd1+ Kc8 27. Ne7+ 1-0

[Event "VII Torneo Leonardo di Bona Magistrale"]
[Site "Cutro ITA"]
[Date "2001.04.24"]
[Round "1"]
[White "Abatino, Maurizio"]
[Black "Janev, Evgeni"]
[Result "0-1"]
[WhiteElo "2242"]
[BlackElo "2465"]
[PlyCount "52"]
[EventDate "2001.04.24"]

1. d4 Nf6 2. c4 c5 3. e3 e6 4. Nf3 b6 5. Bd3 Bb7 6. Nc3 Be7 7. O-O O-O 8. b3 a6
9. Bb2 cxd4 10. exd4 d5 11. Qe2 Nc6 12. Rac1 Bd6 13. Nd1 a5 14. Ne5 Nb4 15. Bb1
Qe7 16. Ne3 g6 17. f4 Rac8 18. g4 dxc4 19. bxc4 Ne8 20. g5 f5 21. a3 Nc6 22.
Ba2 Nxe5 23. dxe5 Bc5 24. Rfd1 Ng7 25. Bd4 Rfd8 26. Nd5 Bxd4+ 0-1

[Event "VII Torneo Leonardo di Bona Magistrale"]
[Site "Cutro ITA"]
[Date "2001.04.24"]
[Round "1"]
[White "Drabke, Lorenz Maximilian"]
[Black "Rotelli, Pietro"]
[Result "1-0"]
[WhiteElo "2310"]
[BlackElo "1779"]
[PlyCount "59"]
[EventDate "2001.04.24"]

1. e4 c6 2. d4 d5 3. Nd2 dxe4 4. Nxe4 Bf5 5. Ng3 Bg6 6. h4 h6 7. f4 e6 8. Nf3
Nd7 9. h5 Bh7 10. Bd3 Bxd3 11. Qxd3 Bd6 12. Bd2 Ne7 13. O-O-O O-O 14. Ne4 Qc7
15. Ne5 Rad8 16. Qg3 Nf5 17. Qf2 Be7 18. g4 Nd6 19. Nxd6 Qxd6 20. Be3 b6 21. g5
hxg5 22. h6 g6 23. h7+ Kh8 24. fxg5 Nxe5 25. dxe5 Qxe5 26. Bd4 Bxg5+ 27. Kb1
Rxd4 28. Rxd4 Be3 29. Qxf7 Qf6 30. Qxf6+ 1-0

[Event "VII Torneo Leonardo di Bona Magistrale"]
[Site "Cutro ITA"]
[Date "2001.04.24"]
[Round "1"]
[White "Hocevar, Nikola"]
[Black "Ivanov, Jordan"]
[Result "0-1"]
[WhiteElo "2164"]
[BlackElo "2400"]
[PlyCount "72"]
[EventDate "2001.04.24"]

1. c4 g6 2. d4 Bg7 3. Nc3 d6 4. e4 Nf6 5. f3 O-O 6. Bg5 Nc6 7. Qd2 a6 8. Nge2
Rb8 9. d5 Ne5 10. Ng3 c6 11. a4 a5 12. h3 Ned7 13. Be2 Nc5 14. Bd1 Qb6 15. Be3
Qb4 16. O-O Qxc4 17. Be2 Qb4 18. Ra3 Nfd7 19. Rb1 Nb6 20. Nf1 Bd7 21. Qc2 Bd4
22. Kh1 Bxe3 23. Nxe3 Qd4 24. dxc6 bxc6 25. Ncd1 f5 26. exf5 gxf5 27. Nc4 f4
28. Qc3 Qxc3 29. Nxc3 Nxc4 30. Bxc4+ d5 31. Ba2 Bf5 32. Re1 e6 33. Nd1 Rb4 34.
Rc3 Nd3 35. Re2 Rxa4 36. Bb1 Ra1 0-1

[Event "VII Torneo Leonardo di Bona Magistrale"]
[Site "Cutro ITA"]
[Date "2001.04.24"]
[Round "1"]
[White "Lazic, Miroljub"]
[Black "Genocchio, Daniele"]
[Result "1/2-1/2"]
[WhiteElo "2475"]
[BlackElo "2278"]
[PlyCount "85"]
[EventDate "2001.04.24"]

1. Nf3 g6 2. d4 Bg7 3. e4 d6 4. c3 Nf6 5. Bd3 O-O 6. h3 c5 7. O-O Na6 8. a3 b6
9. Qe2 Nc7 10. e5 Nd7 11. Bf4 cxd4 12. exd6 exd6 13. Bxd6 Nc5 14. Bxf8 Qxf8 15.
Nxd4 Nxd3 16. Qxd3 Ba6 17. Qg3 Bxf1 18. Qxc7 Rc8 19. Qf4 Ba6 20. a4 Bh6 21. Qf3
Bc1 22. a5 Qd6 23. axb6 Qxb6 24. b4 Rd8 25. Ra5 Bb7 26. Qe2 Bf4 27. Nd2 Bb8 28.
Qe7 Bd6 29. Qe3 Bb8 30. Ra1 Qc7 31. N2f3 Rxd4 32. cxd4 Bxf3 33. gxf3 Qh2+ 34.
Kf1 Qh1+ 35. Ke2 Qxa1 36. Qe8+ Kg7 37. Qxb8 Qxd4 38. Qb5 Kf6 39. Qa6+ Kg7 40.
Qb5 h6 41. Qb7 Kf6 42. Qa6+ Kf5 43. Kf1 1/2-1/2

[Event "VII Torneo Leonardo di Bona Magistrale"]
[Site "Cutro ITA"]
[Date "2001.04.24"]
[Round "1"]
[White "Todorov, Ognjan"]
[Black "Dojkova, Galina"]
[Result "1-0"]
[WhiteElo "2344"]
[BlackElo "2110"]
[PlyCount "65"]
[EventDate "2001.04.24"]

1. d4 Nf6 2. g3 e6 3. Bg2 c5 4. Nf3 d5 5. O-O Nc6 6. c4 dxc4 7. Ne5 Bd7 8. Na3
cxd4 9. Naxc4 Bc5 10. Qb3 O-O 11. Qxb7 Nxe5 12. Nxe5 Rb8 13. Qf3 Nd5 14. Nd3
Bb6 15. Bd2 Qe7 16. Qh5 Bc6 17. Bxd5 Bxd5 18. Bb4 Qf6 19. Bxf8 Rxf8 20. a4 g6
21. Qe5 Qd8 22. b4 f6 23. Qf4 e5 24. Qd2 Qd7 25. a5 Bc7 26. Rac1 Bd6 27. f3 Qh3
28. Nf2 Qh5 29. Ne4 Bb8 30. Rc8 Qf5 31. Rxf8+ Kxf8 32. Rc1 Qe6 33. Qh6+ 1-0

[Event "VII Torneo Leonardo di Bona Magistrale"]
[Site "Cutro ITA"]
[Date "2001.04.25"]
[Round "2"]
[White "Dojkova, Galina"]
[Black "Scerbo, Antonio"]
[Result "1/2-1/2"]
[WhiteElo "2110"]
[BlackElo "2095"]
[PlyCount "93"]
[EventDate "2001.04.24"]

1. e4 c5 2. Nf3 Nc6 3. d4 cxd4 4. Nxd4 Nf6 5. Nc3 e5 6. Ndb5 d6 7. Bg5 a6 8.
Na3 b5 9. Bxf6 gxf6 10. Nd5 Bg7 11. c3 O-O 12. Bd3 Be6 13. Nc2 f5 14. O-O Rc8
15. f4 fxe4 16. Bxe4 f5 17. Bf3 Kh8 18. Kh1 Ne7 19. Nce3 e4 20. Be2 Nxd5 21.
Nxd5 Rc5 22. Ne3 Qb6 23. Qd2 a5 24. a3 Rd8 25. g4 Qb7 26. Rg1 fxg4 27. Bxg4 Bf7
28. Rg2 d5 29. Rag1 Bf6 30. Nf5 b4 31. axb4 axb4 32. Nd4 bxc3 33. bxc3 Qb6 34.
Bf5 Rg8 35. Rxg8+ Bxg8 36. Qg2 Qb8 37. Qh3 Rc7 38. Be6 Rg7 39. Rxg7 Bxg7 40.
Bxg8 Qxg8 41. Ne6 Qc8 42. Qf5 Qc4 43. Kg2 Qe2+ 44. Kh3 Qf3+ 45. Kh4 Qf2+ 46.
Kh3 Qf3+ 47. Kh4 1/2-1/2

[Event "VII Torneo Leonardo di Bona Magistrale"]
[Site "Cutro ITA"]
[Date "2001.04.25"]
[Round "2"]
[White "Dragojlovic, Andjelko"]
[Black "Mollov, Ergin"]
[Result "1/2-1/2"]
[WhiteElo "2335"]
[BlackElo "2415"]
[PlyCount "24"]
[EventDate "2001.04.24"]

1. e4 c5 2. Nf3 d6 3. d4 cxd4 4. Nxd4 Nf6 5. f3 Nc6 6. c4 Nxd4 7. Qxd4 g6 8.
Nc3 Bg7 9. Bg5 O-O 10. Qd2 Be6 11. Rc1 a6 12. Be2 Nd7 1/2-1/2

[Event "VII Torneo Leonardo di Bona Magistrale"]
[Site "Cutro ITA"]
[Date "2001.04.25"]
[Round "2"]
[White "Genocchio, Daniele"]
[Black "Abatino, Maurizio"]
[Result "1-0"]
[WhiteElo "2278"]
[BlackElo "2242"]
[PlyCount "77"]
[EventDate "2001.04.24"]

1. e4 e6 2. d3 d5 3. Qe2 Ne7 4. Nf3 c5 5. g3 g6 6. h4 h6 7. Bg2 Bg7 8. O-O Nbc6
9. e5 Qc7 10. Re1 b6 11. c4 O-O 12. Bf4 dxc4 13. dxc4 Nf5 14. Nc3 Ncd4 15. Nxd4
Nxd4 16. Qd2 Bb7 17. Bxh6 Bxg2 18. Kxg2 Rfd8 19. Qg5 Bxh6 20. Qxh6 Nf5 21. Qg5
Qe7 22. Qxe7 Nxe7 23. Rad1 Nc6 24. f4 Nb4 25. b3 Kg7 26. Re2 Rxd1 27. Nxd1 Rd8
28. Nf2 Rd4 29. Kf3 Nc6 30. Ke3 Rd8 31. Rd2 Nd4 32. Ne4 a5 33. Kf2 Rb8 34. Nc3
Kh6 35. Nb5 Kh5 36. Nxd4 cxd4 37. Kf3 Rd8 38. a4 Kh6 39. Ke4 1-0

[Event "VII Torneo Leonardo di Bona Magistrale"]
[Site "Cutro ITA"]
[Date "2001.04.25"]
[Round "2"]
[White "Ivanov, Jordan"]
[Black "Drabke, Lorenz Maximilian"]
[Result "1-0"]
[WhiteElo "2400"]
[BlackElo "2310"]
[PlyCount "49"]
[EventDate "2001.04.24"]

1. Nf3 d5 2. e3 Nf6 3. c4 c6 4. Nc3 g6 5. d4 Bg7 6. Bd3 O-O 7. O-O Bg4 8. h3
Bxf3 9. Qxf3 dxc4 10. Bxc4 Nbd7 11. Rd1 Qc7 12. e4 e5 13. d5 Nb6 14. Bb3 Rfd8
15. Bg5 Qe7 16. dxc6 bxc6 17. Rac1 Rxd1+ 18. Qxd1 Rd8 19. Qc2 h6 20. Be3 Nfd7
21. Na4 Rc8 22. Qd2 h5 23. Qa5 Bf6 24. Qxa7 Ra8 25. Qb7 1-0

[Event "VII Torneo Leonardo di Bona Magistrale"]
[Site "Cutro ITA"]
[Date "2001.04.25"]
[Round "2"]
[White "Rotelli, Pietro"]
[Black "Hocevar, Nikola"]
[Result "0-1"]
[WhiteElo "1779"]
[BlackElo "2164"]
[PlyCount "46"]
[EventDate "2001.04.24"]

1. d4 d5 2. Nf3 Nf6 3. c4 e6 4. e3 Nbd7 5. Nc3 c6 6. cxd5 exd5 7. Bd3 Be7 8.
O-O O-O 9. Qc2 h6 10. h3 Bd6 11. b3 Re8 12. Bb2 Nf8 13. e4 dxe4 14. Nxe4 Nxe4
15. Bxe4 Be6 16. Ne5 f6 17. Ng6 Bf7 18. Nxf8 Bxf8 19. Rad1 Qd7 20. Rfe1 Rad8
21. Re3 Re7 22. Rde1 Rde8 23. Ba3 Rxe4 0-1

[Event "VII Torneo Leonardo di Bona Magistrale"]
[Site "Cutro ITA"]
[Date "2001.04.25"]
[Round "2"]
[White "Vismara, Daniele"]
[Black "Lazic, Miroljub"]
[Result "0-1"]
[WhiteElo "2231"]
[BlackElo "2475"]
[PlyCount "68"]
[EventDate "2001.04.24"]

1. Nf3 d6 2. d4 Nf6 3. c4 c6 4. Nc3 Bf5 5. Nh4 Bg6 6. Nxg6 hxg6 7. e4 e5 8. Be2
Nbd7 9. Be3 Be7 10. d5 c5 11. Qd2 a6 12. a3 Nh5 13. O-O Nf4 14. Bxf4 exf4 15.
Qxf4 Bf6 16. g3 Bd4 17. Kg2 g5 18. Qd2 Ne5 19. Rh1 g4 20. Raf1 Qd7 21. Nd1 f5
22. Qg5 fxe4 23. Ne3 Bxe3 24. fxe3 Nf3 25. Qg6+ Kd8 26. Rf2 Kc7 27. Qxe4 Rae8
28. Qd3 Rxh2+ 29. Rxh2 Ne1+ 30. Kf1 Nxd3 31. Bxd3 Rxe3 32. Bf5 Qa4 33. Rc2 Rf3+
34. Rhf2 Rxf5 0-1

[Event "VII Torneo Leonardo di Bona Magistrale"]
[Site "Cutro ITA"]
[Date "2001.04.26"]
[Round "3"]
[White "Drabke, Lorenz Maximilian"]
[Black "Dragojlovic, Andjelko"]
[Result "1-0"]
[WhiteElo "2310"]
[BlackElo "2335"]
[PlyCount "71"]
[EventDate "2001.04.24"]

1. e4 c5 2. Nf3 g6 3. c4 Bg7 4. d4 Nc6 5. dxc5 Qa5+ 6. Nfd2 Qxc5 7. Be2 Nd4 8.
Nb3 Nxb3 9. axb3 Nf6 10. Nc3 Qc6 11. Bf3 e5 12. Be3 b6 13. O-O O-O 14. Nb5 a6
15. Qd6 Ne8 16. Qxc6 dxc6 17. Nc3 Rb8 18. Rfd1 c5 19. b4 cxb4 20. Nd5 Be6 21.
Rxa6 b5 22. c5 Nf6 23. Nxb4 Rfc8 24. Nc6 Ra8 25. Ne7+ Kf8 26. Rxe6 fxe6 27.
Nxc8 Rxc8 28. Rd6 Ra8 29. g3 Ra4 30. b3 Ra3 31. c6 Ra1+ 32. Kg2 Ne8 33. Rd7 Ra8
34. Bc5+ Kg8 35. c7 Bf6 36. Bg4 1-0

[Event "VII Torneo Leonardo di Bona Magistrale"]
[Site "Cutro ITA"]
[Date "2001.04.26"]
[Round "3"]
[White "Hocevar, Nikola"]
[Black "Dojkova, Galina"]
[Result "1-0"]
[WhiteElo "2164"]
[BlackElo "2110"]
[PlyCount "59"]
[EventDate "2001.04.24"]

1. c4 c5 2. Nf3 Nc6 3. d4 cxd4 4. Nxd4 g6 5. Nc3 Bg7 6. e3 Nf6 7. Be2 O-O 8.
O-O d6 9. Rb1 Bd7 10. b3 a6 11. Bb2 Nxd4 12. exd4 b5 13. Bf3 Ra7 14. c5 Bf5 15.
Ra1 b4 16. Na4 Ne4 17. g4 Bxg4 18. Bxg4 e6 19. f3 Nf6 20. Qd2 Nd5 21. Nb6 Nxb6
22. cxb6 Qxb6 23. Rac1 a5 24. Rc4 f5 25. Bh3 Qd8 26. f4 Qh4 27. Bg2 Bh6 28. Qf2
Qe7 29. Re1 g5 30. d5 1-0

[Event "VII Torneo Leonardo di Bona Magistrale"]
[Site "Cutro ITA"]
[Date "2001.04.26"]
[Round "3"]
[White "Lazic, Miroljub"]
[Black "Ivanov, Jordan"]
[Result "1/2-1/2"]
[WhiteElo "2475"]
[BlackElo "2400"]
[PlyCount "78"]
[EventDate "2001.04.24"]

1. d4 d5 2. Nf3 e6 3. e3 Nf6 4. Nbd2 c5 5. c3 Nc6 6. Bd3 Qc7 7. O-O Bd7 8. Qe2
h6 9. a3 Bd6 10. dxc5 Bxc5 11. b4 Be7 12. c4 Ne5 13. Nxe5 Qxe5 14. Rb1 Bd6 15.
f4 Qh5 16. Qxh5 Nxh5 17. Bb2 a5 18. c5 Be7 19. Bd4 axb4 20. axb4 Bf6 21. Ra1
Ke7 22. g3 g5 23. Nf3 Bxd4 24. Nxd4 Nf6 25. b5 Rhc8 26. Rxa8 Rxa8 27. Rb1 Ng4
28. c6 bxc6 29. bxc6 Bc8 30. Rb7+ Kd6 31. Rxf7 e5 32. Nb5+ Kxc6 33. Na7+ Kb6
34. Nxc8+ Rxc8 35. fxe5 Rc1+ 36. Kg2 Nxe5 37. Rf6+ Kc5 38. Be2 Rc2 39. Kf1 Rc1+
1/2-1/2

[Event "VII Torneo Leonardo di Bona Magistrale"]
[Site "Cutro ITA"]
[Date "2001.04.26"]
[Round "3"]
[White "Mollov, Ergin"]
[Black "Janev, Evgeni"]
[Result "1/2-1/2"]
[WhiteElo "2415"]
[BlackElo "2465"]
[PlyCount "26"]
[EventDate "2001.04.24"]

1. e4 e5 2. Nf3 Nc6 3. Bb5 Nf6 4. O-O Nxe4 5. d4 Nd6 6. Bxc6 dxc6 7. dxe5 Nf5
8. Qxd8+ Kxd8 9. b3 h6 10. Bb2 Be7 11. Nc3 Be6 12. Ne2 c5 13. Rad1+ Ke8 1/2-1/2

[Event "VII Torneo Leonardo di Bona Magistrale"]
[Site "Cutro ITA"]
[Date "2001.04.26"]
[Round "3"]
[White "Scerbo, Antonio"]
[Black "Rotelli, Pietro"]
[Result "1-0"]
[WhiteElo "2095"]
[BlackElo "1779"]
[PlyCount "71"]
[EventDate "2001.04.24"]

1. d4 d5 2. c4 c6 3. Nf3 Nf6 4. Nc3 e6 5. Bg5 Nbd7 6. e3 Qa5 7. Nd2 dxc4 8.
Bxf6 Nxf6 9. Nxc4 Qc7 10. Rc1 Bb4 11. Bd3 Nd5 12. O-O Nxc3 13. bxc3 Be7 14. f4
g6 15. e4 Bd7 16. Rb1 f6 17. Qe2 O-O-O 18. Rb3 g5 19. fxg5 fxg5 20. Rfb1 b5 21.
Ne5 Rhf8 22. a4 a6 23. axb5 axb5 24. c4 Qb6 25. Qb2 Bf6 26. c5 Qc7 27. Nc4 Be7
28. Nb6+ Kb7 29. Ra3 Qf4 30. Qa2 Bxc5 31. Ra7+ Kb8 32. dxc5 Qe3+ 33. Kh1 Qxc5
34. Nxd7+ Rxd7 35. Rxd7 Kc8 36. Rxh7 1-0

[Event "VII Torneo Leonardo di Bona Magistrale"]
[Site "Cutro ITA"]
[Date "2001.04.26"]
[Round "3"]
[White "Todorov, Ognjan"]
[Black "Genocchio, Daniele"]
[Result "1/2-1/2"]
[WhiteElo "2344"]
[BlackElo "2278"]
[PlyCount "62"]
[EventDate "2001.04.24"]

1. d4 e6 2. g3 Nf6 3. Bg2 c5 4. Nf3 cxd4 5. Nxd4 d5 6. O-O Be7 7. c4 O-O 8.
cxd5 Nxd5 9. Qb3 Nd7 10. Rd1 Nc5 11. Qc4 Nb6 12. Qc2 Qe8 13. Nc3 Bd7 14. b3 Rc8
15. Bb2 f6 16. e3 a6 17. Rac1 Rc7 18. Qb1 Qg6 19. Qxg6 hxg6 20. b4 Nca4 21.
Nxa4 Rxc1 22. Rxc1 Nxa4 23. Rc7 Rd8 24. Bc1 e5 25. Nb3 Bb5 26. Bf3 Bxb4 27.
Rxb7 e4 28. Bxe4 Rd1+ 29. Kg2 Nc3 30. Rb8+ Kf7 31. Rb7+ Kg8 1/2-1/2

[Event "VII Torneo Leonardo di Bona Magistrale"]
[Site "Cutro ITA"]
[Date "2001.04.27"]
[Round "4"]
[White "Dragojlovic, Andjelko"]
[Black "Dojkova, Galina"]
[Result "1/2-1/2"]
[WhiteElo "2335"]
[BlackElo "2110"]
[PlyCount "58"]
[EventDate "2001.04.24"]

1. e4 e6 2. b3 d5 3. Bb2 dxe4 4. Nc3 Nf6 5. g4 Bd7 6. Bg2 Bc6 7. Qe2 Na6 8. a3
Nc5 9. Nh3 Qd6 10. b4 Na4 11. Nxa4 Bxa4 12. g5 Nd5 13. c4 Nf4 14. Nxf4 Qxf4 15.
Qxe4 O-O-O 16. Qe3 Qxe3+ 17. dxe3 h6 18. h4 hxg5 19. hxg5 Rxh1+ 20. Bxh1 Be7
21. g6 f6 22. Be4 Rh8 23. Ke2 Rh6 24. Rg1 Be8 25. Bd3 f5 26. e4 Rxg6 27. Rxg6
Bxg6 28. exf5 Bxf5 29. Bxf5 exf5 1/2-1/2

[Event "VII Torneo Leonardo di Bona Magistrale"]
[Site "Cutro ITA"]
[Date "2001.04.27"]
[Round "4"]
[White "Genocchio, Daniele"]
[Black "Drabke, Lorenz Maximilian"]
[Result "1-0"]
[WhiteElo "2278"]
[BlackElo "2310"]
[PlyCount "61"]
[EventDate "2001.04.24"]

1. e4 c5 2. Nf3 e6 3. b3 b6 4. Bb2 Bb7 5. Nc3 a6 6. d4 cxd4 7. Nxd4 Qc7 8. Bd3
Ba3 9. Ndb5 axb5 10. Nxb5 Bb4+ 11. c3 Qe5 12. f4 Qxf4 13. cxb4 Nf6 14. Qf3 Qxf3
15. gxf3 Ke7 16. Bd4 d5 17. Bxb6 Nbd7 18. Bc7 dxe4 19. Bd6+ Kd8 20. Bc7+ Ke7
21. fxe4 Nxe4 22. Rg1 g6 23. a4 f5 24. Ke2 Ndf6 25. Rac1 Bd5 26. Be5 Rhc8 27.
Nc7 Bxb3 28. Nxa8 Rxa8 29. Rc7+ Kd8 30. Bxe4 Nxe4 31. Rxh7 1-0

[Event "VII Torneo Leonardo di Bona Magistrale"]
[Site "Cutro ITA"]
[Date "2001.04.27"]
[Round "4"]
[White "Ivanov, Jordan"]
[Black "Mollov, Ergin"]
[Result "1/2-1/2"]
[WhiteElo "2400"]
[BlackElo "2415"]
[PlyCount "27"]
[EventDate "2001.04.24"]

1. d4 e6 2. e4 d5 3. Nd2 Nf6 4. e5 Nfd7 5. Bd3 c5 6. c3 Nc6 7. Ne2 cxd4 8. cxd4
f6 9. exf6 Nxf6 10. Nf3 Bd6 11. O-O O-O 12. Bg5 Qc7 13. Nc3 a6 14. h3 1/2-1/2